000 03642nab a2200289 i 4500
003 BR-BrBNA
005 20230905135957.0
008 230410b2018 bl.ar|pooa||| 00| 0 eng |
040 _aBR-BrBNA
_beng
072 _aH60
100 _aUljol, L.H.O.
100 _aBianco, S.
100 _aFilho, A.B.C.
100 _aBianco, M.S.
100 _aCarvalho, L.B.
245 _aWeed interference on productivity of bell pepper crops
500 _aPublicação on-line; 23 ref.; 2 tables; 14 illus.; Summaries (En, Pt)
520 _a ABSTRACT - The objective of this work was to determine the interference periods of weeds of the bell pepper cultivar ‘Dahra’. Two experiments were conducted during the years 2014/15 (harvest with lower rainfall) and 2015/16 (harvest with higher rainfall). The treatments consisted of 11 growing periods of cohabitation and weed control with ‘Dahra’ bell peppers: 14, 28, 42, 56, 70, 84, 98, 112, 126, 140 and 154 days after transplanting (DAT). For the determination of the interference periods, the productivity data were analyze using the Boltzmann sigmoidal regression model. The main weeds were Eleusine indica, Brachiaria plantaginea, Digitaria nuda and Nicandra physaloides for presenting high biomass and relative density. The concomitance of these weeds caused losses of up to 85.22% (2014/15) and 86.2% (2015/16) in the fruit yield. It was found that, respectively, for the years 2014/15 and 2015/16, the period before the interference was 17 and 11 DAT, and the total interference prevention period of 71 and 89 DAT. Considering a tolerance of 5% in reducing bell pepper yield, it is recommended that weed control be performed from 11 to 89 DAT. Keywords: Capsicum annuum, competition, coexistence.
520 _a RESUMO - Objetivou-se com este trabalho determinar os períodos de interferência de plantas daninhas infestantes do pimentão cultivar Dahra. Dois experimentos foram conduzidos durante os anos 2014/15 (safra com menor precipitação pluviométrica) e 2015/16 (safra com maior precipitação pluviométrica). Os tratamentos consistiram de 11 períodos crescentes de convivência e controle das plantas daninhas com o pimentão Dahra: 14, 28, 42, 56, 70, 84, 98, 112, 126, 140 e 154 dias após o transplantio (DAT). Para a determinação dos períodos de interferência, os dados de produtividade foram analisados utilizando o modelo de regressão sigmoidal de Boltzmann. As principais plantas daninhas foram Eleusine indica, Brachiaria plantaginea, Digitaria nuda e Nicandra physaloides, por apresentarem alta biomassa e densidade relativa. A convivência com as plantas daninhas provocou perdas na produtividade de frutos de 85,22% (2014/15) e 86,2% (2015/16). Constatou-se que, respectivamente, para os anos 2014/15 e 2015/16, o período anterior à interferência foi dos 17 aos 11 DAT, e o período total de prevenção à interferência, dos 71 aos 89 DAT. Considerando uma tolerância de 5% na redução da produtividade do pimentão, recomenda-se que o controle das plantas daninhas seja realizado de 11 a 89 DAT. Palavras-chave: Capsicum annuum, competição, convivência
650 _aCAPSICUM ANNUUM
650 _aPIMENTÃO
650 _aERVA DANINHA
773 0 _0886
_91815
_dLondrina-PR : Sociedade Brasileira da Ciência das Plantas Daninhas, 1978
_o2023-031022
_tPlanta Daninha (Brazil)
_x0100-8358; 1806-9681 (on-line)
_gv. 36 p. 1-12; (2018)
_wBR2023000047
856 _uhttps://www.scielo.br/j/pd/a/BrW79kvJG8QS4bzvtg5jstj/?format=pdf&lang=en
942 _cAnalítica
999 _c5013
_d5013